Ο κόσμος της Ανατολής
Saved in:
| Main Author: | |
|---|---|
| Other Authors: | , , |
| Format: | Book |
| Language: | Greek |
| Published: |
Αθήνα :
Χρυσός Tύπος,
[1975;]
|
| Subjects: | |
| Tags: |
Add Tag
No Tags, Be the first to tag this record!
|
MARC
| LEADER | 00000cam a2200000 i 4500 | ||
|---|---|---|---|
| 001 | 1/102864 | ||
| 008 | 950510s1975 gr | ||| |||| ||gre|| | ||
| 035 | |l 10012670 | ||
| 040 | |a GR-MY-UA |b gre |e aacr | ||
| 041 | 0 | |a gre | |
| 082 | 0 | |a 704.03 | |
| 100 | 1 | |a Auboyer, Jeannine. | |
| 245 | 1 | 2 | |a Ο κόσμος της Ανατολής / |c Jeannine Auboyer and Roger Goepper ; μετάφραση Μαρίας Καραβία ; επιμέλεια ελληνικής έκδοσης Γεωργίου Χατζοπούλου. |
| 260 | |a Αθήνα : |b Χρυσός Tύπος, |c [1975;] | ||
| 300 | |a 172 σ. : |b εικ. | ||
| 650 | 0 | 0 | |a Art |x History. |
| 650 | 0 | 0 | |a Art, East Asian. |
| 650 | 0 | 0 | |a Art, Indic. |
| 650 | 0 | 0 | |a Art, Chinese. |
| 650 | 0 | 0 | |a Art, Japanese. |
| 650 | 0 | 0 | |a Art, Korean. |
| 700 | 1 | |a Goepper, Roger. | |
| 700 | 1 | |a Καραβία, Μαρία, |e trlf [Μεταφράστρια] | |
| 700 | 1 | |a Χατζόπουλος, Γεώργιος Κ. |e edt [Επιμελητής] | |
| 774 | 1 | |t Παγκόσμιος ιστορία τέχνης | |
| 852 | |a INST |b LESVOS |e 19950510 |h 704.03 AUB |p 005100001119 |q 005100001119 |t REF |y 23 |z v.6 | ||
| 852 | |a INST |b LESVOS |e 19950510 |h 704.03 AUB |p 005100001119 |q 005100001119 |t REF |v v.6: |y 23 |z v.6 | ||
| 852 | |a INST |b RHODES |c KRI |e 20051109 |h 704.03 AUB |p 005400030471 |q 005400030471 |t REF |v τ.6: |y 23 |z τ.6 | ||
| 853 | |a INST |b LESVOS |h 704.03 AUB | ||
| 853 | |a INST |b RHODES |c KRI |h 704.03 AUB | ||
| 901 | |a BIBL4-2005-3 | ||
| 909 | |a Λ |b 021651 | ||
| 909 | |a Ρ |b 122593 | ||
| 970 | |a ΚΟΖΑ |b ΜΑΡΙΑ |z 2005/11/09 | ||